Statistics for Best Rappers Alive

Click here to take the quiz!

General Stats

  • This quiz has been taken 59 times
  • The average score is 8 of 18

Answer Stats

SongsRapper% Correct
In Da Club, Many Man50 Cent
94%
Lose Yourself, The RingerEminem
90%
99 Problems, Song CryJay Z
81%
Gin and Juice, Young, Wild and FreeSnoop Dogg
75%
Up in Here, X Gon Give it to YaDMX
73%
Good Cop, Bad Cop, It Was a Good DayIce Cube
67%
Gunfiyah, I Need a DoctorDr Dre
60%
C U When U Get There, Gangsta's ParadiseCoolio
56%
Homicide, Keanu ReevesLogic
44%
I Can, One MicNas
40%
Got Some Teeth, When I B on Tha MicRakim
25%
I'm Your Pusher, New Jack HustlerIce T
21%
Going Back to Cali, I Need LoveL L Cool J
15%
Devil's Work, Happy BirthdayJoyner Lucas
13%
Boblo Boat, CaterpillarRoyce Da 5'9
13%
Get Your Walk On, MultiplyXzibit
13%
All That I Got Is You, Ice CreamGhostface Killah
10%
Snitch, The Set UpObie Trice
6%

Score Distribution

Percentile by Number Answered

Percent of People with Each Score

Your Score History

You have not taken this quiz